Which of the Two... Months Quiz Stats

 Plays Quiz Updated Aug 4, 2016

Score 0/24 Timer 06:00
0 Plays Today
Which month... A or B % Correct
...receives an extra day during a leap year?
(A) January or (B) February
???
85.5%
...is the earliest possible month that can contain Easter?
(A) March or (B) April
???
84.9%
...contains Pi Day?
(A) March or (B) June
???
82.6%
...of fasting in the Islamic calendar ends with Eid al-Fitr?
(A) Ramadan or (B) Rajab
???
82.1%
...features Black Friday, coined by 1961 Philadelphia police?
(A) January or (B) November
???
79.6%
...is Black History Month in the US and Canada?
(A) February or (B) October
???
76.8%
...features All Saints' Day on the 1st?
(A) October or (B) November
???
74.2%
...contains the northern hemisphere's winter solstice?
(A) January or (B) December
???
74%
...was the first month of the Julian calendar?
(A) Ianuarius or (B) Intercalaris
???
72.8%
...features the ruby as its birthstone?
(A) July or (B) November
???
71.4%
...receives the greatest average amount of daylight in Britain?
(A) July or (B) August
???
66.7%
...contains the Zodiac signs Aries and Taurus?
(A) April or (B) May
???
62.7%
Which month... A or B % Correct
...contains International Talk Like a Pirate Day?
(A) March or (B) September
???
58.1%
...contains the southern hemisphere's vernal equinox?
(A) March or (B) September
???
56.2%
...besides November can contain Diwali, the Hindu festival of lights?
(A) October or (B) December
???
55.6%
...contains the middle (183rd day) of the Gregorian calendar?
(A) June or (B) July
???
53.3%
...marks the start of Atlantic hurricane season?
(A) May or (B) June
???
50.2%
...of the Jewish calendar contains Hanukkah?
(A) Kislev or (B) Tishrei
???
49.8%
...of the Lunar Calendar starts with the Vietnamese holiday Tet?
(A) First or (B) Twelfth
???
48.7%
...celebrates Ask a Stupid Question Day on the 28th?
(A) May or (B) September
???
47.3%
...is derived from the name of a purification feast?
(A) February or (B) April
???
45.7%
...was named Sextilis on the ancient Roman calendar?
(A) July or (B) August
???
37.9%
...is nagatsuki (''The Long Month'') in the old Japanese calendar?
(A) August or (B) September
???
34.1%
...averaged more fresh snowfall in Anchorage, AK, 1981-2010?
(A) February or (B) December
???
26%

You're not logged in!

Compare scores with friends on all Sporcle quizzes.
OR
Log In

You Might Also Like...

Show Comments

Extras

Top Quizzes Today


Score Distribution

Your Account Isn't Verified!

In order to create a playlist on Sporcle, you need to verify the email address you used during registration. Go to your Sporcle Settings to finish the process.

Report this User

Report this user for behavior that violates our Community Guidelines.

Details: